000
00306nam a2200133Ia 4500
003
OSt
008
201102b ||||| |||| 00| 0 eng d
100
_a
BABU,Ramesh p.
245
_a
Signal and Systems
260
_a
N. Delhi
_b
Scitech
_c
2016
300
_a
12.12.
650
_a
B.Tech(ECE)
942
_2
ddc
_c
BK
999
_c
6680
_d
6680